Central Library OPAC University of Rajshahi

Major critical essays: (Record no. 78130)

MARC details
000 -LEADER
fixed length control field 00964nam a2200277 a 4500
001 - CONTROL NUMBER
control field 78130
003 - CONTROL NUMBER IDENTIFIER
rucl marc code BD-RjUL
005 - DATE AND TIME OF LATEST TRANSACTION
control field 20211209083107.0
008 - FIXED-LENGTH DATA ELEMENTS--GENERAL INFORMATION
fixed length control field 210325r19551932enk 000 0 eng
035 ## - SYSTEM CONTROL NUMBER
System control number (BD-RjUL)78356
040 ## - CATALOGING SOURCE
Original cataloging agency DLC
Transcribing agency CarP
Modifying agency DLC
-- BD-RjUL
Language of cataloging eng
041 ## - LANGUAGE CODE
Language code of text/sound track or separate title eng
082 ## - DEWEY DECIMAL CLASSIFICATION NUMBER
Edition number 23
Classification number 824.8
Author mark and year SHM 1955
100 1# - MAIN ENTRY--PERSONAL NAME
Personal name Shaw, Bernard,
Dates associated with a name 1856-1950.
9 (RLIN) 246574
245 10 - TITLE STATEMENT
Title Major critical essays:
Remainder of title The quintessence of Ibsenism. The perfect Wagnerite. The sanity of art /
Statement of responsibility, etc. by Bernard Shaw.
250 ## - EDITION STATEMENT
Edition statement Standard ed.
260 ## - PUBLICATION, DISTRIBUTION, ETC. (IMPRINT)
Place of publication, distribution, etc. London :
Name of publisher, distributor, etc. Constable and company limited,
Date of publication, distribution, etc. 1932 [reprinted 1955]
300 ## - PHYSICAL DESCRIPTION
Pagination viii, 331, [1] p.;
Size 21 cm.
600 10 - SUBJECT ADDED ENTRY--PERSONAL NAME
Personal name Ibsen, Henrik,
Dates associated with a name 1828-1906.
Personal name Wagner, Richard,
Dates associated with a name 1813-1883.
Title of a work Ring des Nibelungen. [from old catalog]
Personal name Nordau, Max Simon,
Dates associated with a name 1849-1923.
Title of a work Entartung.
650 #0 - SUBJECT ADDED ENTRY--TOPICAL TERM
Topical term or geographic name as entry element Art.
9 (RLIN) 246578
942 ## - ADDED ENTRY ELEMENTS (KOHA)
Source of classification or shelving scheme Dewey Decimal Classification
Koha item type Books
Holdings
Lost status Source of classification or shelving scheme Damaged status Not for loan Collection code Permanent Location Current Location Shelving location Date acquired Source of acquisition Cost, normal purchase price Total Checkouts Full call number Date last seen Copy number Koha item type
  Dewey Decimal Classification   Not For Loan Non-fiction Central Library, University of Rajshahi Central Library, University of Rajshahi Reading Room 03/08/1957 B.H. Blackwell 12.60   824.8 SHM 1955 25/03/2021 C-1 Books